000 01183nam a22003017a 4500
999 _c65875
_d65875
005 20240530110847.0
008 201026s2020 ua ah f b 000 0 ara d
017 _a2019/8167
_bمصر. دار الكتب
020 _a9789777359436
040 _aEG-CaGPL
_cEG-CaGPL
082 0 4 _221
_a641.37/
_bن أ
100 0 _aنادية عبدالمجيد ابو زيد
245 1 2 _aالالبان الصحراوية والالبان النباتية واهكيتها الصحية /
_cنادية عبدالمجيد ابو زيد
250 _aط.1
260 _aالقاهرة :
_bدار الوفاء لدنيا الطباعة و النشر،
_c2020.
300 _a128 ص. :
_bايض ؛
_c24 سم.
504 _aيشتمل على ارجاعات ببليوجرافية
650 0 7 _2qrmak
_aاللبن
650 0 7 _2qrmak
_aمنتجات الالبان
650 0 7 _2qrmak
_aمزارع الالبان
650 0 7 _2qrmak
_aالجبنة
_xصناعة وتجارة
650 0 7 _2qrmak
_aاللبن
_xتصنيع
650 0 7 _2qrmak
_aاللبن الزبادى
650 0 7 _2qrmak
_aالقشدة
651 _2qrmak
942 _2ddc
_cBK